书目信息

书名: 哈佛情商大全集 
作者: 方洲 主编
出版信息: 北京   华语教学出版社  2011.09
开本页数: 23cm  303页
丛书名:
单 册:
中图分类: B842
科图分类:
主题词: 情商--青年读物 , 情商
电子资源:
ISBN: 978-7-5138-0105-8
000 01082nam0 2200241 45
001 012012003480
005 20120209111518.0
010    @a978-7-5138-0105-8@dCNY25.00
100    @a20120208d2011 em y0chiy0121 ea
101 @achi
102    @aCN@b110000
105    @ay z 000yy
106    @ar
200 @a哈佛情商大全集@AHa Fo Qing Shang Da Quan Ji@f方洲主编
210    @a北京@c华语教学出版社@d2011.09
215    @a303页@d23cm
330    @a情商(E0)是情绪智力或情感智慧的简称,是指人在情绪、情感、意志、耐受挫折等方面的品质。在哈佛,成绩不是唯一重要的育人条件。哈佛选人的要求是学生的综合素质。哈佛大学教授、著名心理学家丹尼尔?戈尔曼有句至理名言:成功=20%的智商+80%的情商。美国最负盛名的总统乔治?华盛顿、富兰克林?罗斯福和西奥多?罗斯福都是“二流智商、一流情商”的代表人物。约翰?肯尼迪和罗纳德?里根的智商只属中流,但却因为有着良好的情商,善于交朋结友而被许多美国人誉为“最优秀、最可亲的领袖”。
606 @a情商@j青年读物
606 @a情商
690    @aB842@v4
701  0 @a方洲@AFang Zhou@4主编
801  0 @aCN@bWXLS@c
905    @aCKNYKJZYXY@b300412331-3@dB842@e44@f3
    
    哈佛情商大全集/方洲主编.-北京:华语教学出版社,2011.09
    303页;23cm
    
    
    ISBN 978-7-5138-0105-8:CNY25.00
    情商(E0)是情绪智力或情感智慧的简称,是指人在情绪、情感、意志、耐受挫折等方面的品质。在哈佛,成绩不是唯一重要的育人条件。哈佛选人的要求是学生的综合素质。哈佛大学教授、著名心理学家丹尼尔?戈尔曼有句至理名言:成功=20%的智商+80%的情商。美国最负盛名的总统乔治?华盛顿、富兰克林?罗斯福和西奥多?罗斯福都是“二流智商、一流情商”的代表人物。约翰?肯尼迪和罗纳德?里根的智商只属中流,但却因为有着良好的情商,善于交朋结友而被许多美国人誉为“最优秀、最可亲的领袖”。
相关链接 在五车中查询图书 在当当中查询图书 在豆瓣中查询图书


正题名:哈佛情商大全集     索取号:B842/44         预约/预借

序号 登录号 条形码 馆藏地/架位号 状态 备注
1 412331   300412331   二线书库(不外借)/ [索取号:B842/44] 在馆    
2 412332   300412332   海科密-1楼/1架7列5层/ [索取号:B842/44] 在馆    
3 412333   300412333   海科密-1楼/1架7列5层/ [索取号:B842/44] 在馆